| 000 | 00943cam a2200229 4500 | ||
|---|---|---|---|
| 001 | WS117537 | ||
| 008 | 020417n 000 0 eng u | ||
| 035 | _a(Sirsi) u117537 | ||
| 110 |
_aLand Development Department : Thailand _94217 |
||
| 245 | _aLand Development Department : Thailand | ||
| 520 | _aSite for this Thai government department responsible for soil survey and classification, land use, planning, carrying out various aspects of land development and assisting farmers in soil improvement. Includes detailed statistics on agricultural land use in Thailand and access to the digital soil information system. | ||
| 650 | _aTHAILAND | ||
| 650 | _aASIA | ||
| 650 | _aINTERNATIONAL | ||
| 650 | _aSOIL | ||
| 650 |
_aLand use _96251 |
||
| 650 | _aAGRICULTURE | ||
| 650 | _aGOVERNMENT | ||
| 690 |
_aRURAL _96268 |
||
| 856 | 4 | 0 |
_uhttps://www.ldd.go.th/frame_eng.htm _zView the website free of charge at www.ldd.go.th... |
| 942 | _n0 | ||
| 999 |
_c120011 _d120011 |
||